| 000 | 00533nam a22002057a 4500 | ||
|---|---|---|---|
| 003 | OSt | ||
| 005 | 20180116183007.0 | ||
| 008 | 150810b xxu||||| |||| 00| 0 eng d | ||
| 020 | _a9788131756157 | ||
| 040 |
_a0 _c0 |
||
| 082 | _a303.482 REY 2011 | ||
| 100 | _aSana Reynolds | ||
| 245 |
_aGuide to Cross-Cultural Communication _cSana Reynolds |
||
| 250 | _a2nd | ||
| 260 |
_aIndia _bPearson _c2011 |
||
| 300 |
_a129 p. _bPB |
||
| 440 | _aGuide to Cross-Cultural Communication | ||
| 600 | _aSana Reynolds | ||
| 942 |
_2ddc _cBK |
||
| 999 |
_c350102 _d350102 |
||